Central Library OPAC University of Rajshahi

Impact of Covid-19 on Houehold Dietary Diversity and Nutritional Status of Women and Children in the Rural Area of Bogura, Bangladesh / (Record no. 86357)

MARC details
000 -LEADER
fixed length control field 01065nam a2200253 a 4500
001 - CONTROL NUMBER
RUCL Control Number 86357
003 - CONTROL NUMBER IDENTIFIER
rucl marc code BD-RjUL
005 - DATE AND TIME OF LATEST TRANSACTION
control field 20260412152959.0
008 - FIXED-LENGTH DATA ELEMENTS--GENERAL INFORMATION
fixed length control field 260412s2025 bg a|||| m||| 00| 0 eng d
035 ## - SYSTEM CONTROL NUMBER
system control number (BD-RjUL)86357
040 ## - CATALOGING SOURCE
Original cataloging agency BD-RjUL
Language of cataloging eng
Transcribing agency BD-RjUL
Modifying agency BD-RjUL
041 ## - LANGUAGE CODE
Language code of Book eng
082 ## - DEWEY DECIMAL CLASSIFICATION NUMBER
Classification number 613.2095492
Author mark and Year JAI 2025
DDC Edition number 23
100 ## - MAIN ENTRY--PERSONAL NAME
Personal name Jahan, Hasna
9 (RLIN) 1358
245 ## - TITLE STATEMENT
Title Impact of Covid-19 on Houehold Dietary Diversity and Nutritional Status of Women and Children in the Rural Area of Bogura, Bangladesh /
Statement of responsibility, etc Submitted by Hasna Jahan
Name of Supervisor/Co-Supervisor Supervisor : Tazima Yeasmin
260 ## - PUBLICATION, DISTRIBUTION, ETC. (IMPRINT)
Place of publication, distribution, etc Rajshahi :
Name of publisher, distributor, etc Institute of Environmental Science (IES), University of Rajshahi,
Date of publication, distribution, etc 2025
300 ## - PHYSICAL DESCRIPTION
Pagination xi, 116 Leaves :
Other physical details ill. ;
Dimensions 30 cm.
502 ## - DISSERTATION NOTE
Dissertation note Thesis (Ph. D.) -- Institute of Environmental Science (IES), University of Rajshahi, 2025
504 ## - BIBLIOGRAPHY, ETC. NOTE
Bibliography, etc References : Leaves [95] - 101
650 ## - SUBJECT ADDED ENTRY--TOPICAL TERM
Topical term or geographic name as entry element Women
General subdivision Nutrition
Geographic subdivision (Bogura) Bangladesh
9 (RLIN) 18121
Topical term or geographic name as entry element Children
General subdivision Nutrition
Geographic subdivision (Bogura) Bangladesh
9 (RLIN) 18122
700 ## - ADDED ENTRY--SUPERVISOR/CO-SUPERVISOR NAME
Personal name Yeasmin, Tazima, Supervisor
9 (RLIN) 1360
942 ## - ADDED ENTRY ELEMENTS (KOHA)
Source of classification or shelving scheme Dewey Decimal Classification
Koha item type Theses
Holdings
Source of classification or shelving scheme Damaged status Not for loan Permanent Location Current Location Shelving location Date of accession Source of acquisition Full call number Barcode Date last seen Copy number Thesis
Dewey Decimal Classification   Not For Loan Central Library, University of Rajshahi Central Library, University of Rajshahi Documentation Section   RU Controller THE 613.2095492 JAI 2025 D5301 12/04/2026 C-1 Theses